[Event "FRA-chT4 0102"]
[Site "Champagne Ardenne"]
[Date "2001.12.09"]
[Round "3"]
[White "Jus, Yohann"]
[Black "Gonon, Alain"]
[Result "1/2-1/2"]
[WhiteElo "2000"]
[BlackElo "1630"]
[PlyCount "59"]
[EventDate "2002.10.??"]
[EventType "team-tourn"]
[EventRounds "7"]
[EventCountry "FRA"]
[SourceTitle "EXT 2005"]
[Source "ChessBase"]
[SourceDate "2004.11.15"]
[SourceVersion "1"]
[SourceVersionDate "2004.11.15"]
[SourceQuality "1"]

1. e4 d5 2. exd5 Nf6 3. d4 Bg4 4. f3 Bf5 5. Bc4 Nxd5 6. c3 e6 7. Ne2 Bd6 8. Bd3 Bxd3 9. Qxd3 Nd7 10. Nd2 Qg5 11. g3 Qe3 12. Qxe3 Nxe3 13. Kf2 Nf5 14. Ne4 0-0 15. Bf4 Bxf4 16. Nxf4 Rad8 17. Rad1 Ne7 18. Rhe1 Nd5 19. Nxd5 exd5 20. Nd2 Rfe8 21. Nb3 b6 22. Nc1 Nf6 23. Nd3 Rxe1 24. Rxe1 Re8 25. Rd1 a5 26. Ne5 c5 27. Rc1 c4 28. Re1 Re6 29. Re2 Kf8 30. a3 1/2-1/2

[Event "FRA-chT4 0001"]
[Site "Champagne Ardenne"]
[Date "2001.03.11"]
[Round "6"]
[White "Baume, Christophe"]
[Black "Gonon, Alain"]
[Result "1-0"]
[WhiteElo "2083"]
[BlackElo "1750"]
[PlyCount "67"]
[EventDate "2001.10.??"]
[EventType "team-tourn"]
[EventRounds "7"]
[EventCountry "FRA"]
[SourceTitle "EXT 2005"]
[Source "ChessBase"]
[SourceDate "2004.11.15"]
[SourceVersion "1"]
[SourceVersionDate "2004.11.15"]
[SourceQuality "1"]

1. e4 d5 2. exd5 Nf6 3. d4 Bg4 4. f3 Bf5 5. c4 e6 6. dxe6 Nc6 7. Be3 fxe6 8. Nc3 Be7 9. Nge2 Nb4 10. Ne4 Nxe4 11. fxe4 Bxe4 12. Ng3 Nc2+ 13. Ke2 Nxe3 14. Kxe3 Bg6 15. Bd3 Bg5+ 16. Ke2 Bf7 17. Be4 c6 18. Qd3 g6 19. Rhf1 0-0 20. Rad1 Rc8 21. Rf2 b5 22. b3 Qb6 23. Kf1 e5 24. c5 Qc7 25. dxe5 Rcd8 26. Qe2 Rxd1+ 27. Qxd1 Rd8 28. Qf3 Bd5 29. Bxd5+ cxd5 30. b4 d4 31. Qb3+ Kh8 32. e6 Be7 33. Rf7 d3 34. Qc3+ 1-0